<?xml version="1.0" encoding="UTF-8"?>
<record
    xmlns:xsi="http://www.w3.org/2001/XMLSchema-instance"
    xsi:schemaLocation="http://www.loc.gov/MARC21/slim http://www.loc.gov/standards/marcxml/schema/MARC21slim.xsd"
    xmlns="http://www.loc.gov/MARC21/slim">

  <leader>02310nam0a2200385 i 4500</leader>
  <controlfield tag="001">RU\NLR\BIBL_A\010737101</controlfield>
  <controlfield tag="005">20241103100641.0</controlfield>
  <datafield tag="010" ind1=" " ind2=" ">
    <subfield code="a">9785890356895</subfield>
    <subfield code="9">1000</subfield>
  </datafield>
  <datafield tag="021" ind1=" " ind2=" ">
    <subfield code="a">RU</subfield>
    <subfield code="b">2015-17262</subfield>
    <subfield code="9">1033</subfield>
  </datafield>
  <datafield tag="035" ind1=" " ind2=" ">
    <subfield code="a">(NILC)RuMoRGB-007885673</subfield>
  </datafield>
  <datafield tag="035" ind1=" " ind2=" ">
    <subfield code="a">(NLR Aleph) 010737101</subfield>
  </datafield>
  <datafield tag="090" ind1=" " ind2=" ">
    <subfield code="a">9887768</subfield>
    <subfield code="c">9887768</subfield>
  </datafield>
  <datafield tag="100" ind1=" " ind2=" ">
    <subfield code="a">20150423d2014    km y0rusy50      ca</subfield>
  </datafield>
  <datafield tag="101" ind1="0" ind2=" ">
    <subfield code="a">rus</subfield>
  </datafield>
  <datafield tag="102" ind1=" " ind2=" ">
    <subfield code="a">RU</subfield>
  </datafield>
  <datafield tag="105" ind1=" " ind2=" ">
    <subfield code="a">a   j   000yy</subfield>
  </datafield>
  <datafield tag="200" ind1="1" ind2=" ">
    <subfield code="a">&#x416;&#x435;&#x43B;&#x435;&#x437;&#x43D;&#x43E;&#x434;&#x43E;&#x440;&#x43E;&#x436;&#x43D;&#x44B;&#x439; &#x43F;&#x443;&#x442;&#x44C;</subfield>
    <subfield code="e">&#x443;&#x447;&#x435;&#x431;&#x43D;&#x438;&#x43A; &#x434;&#x43B;&#x44F; &#x441;&#x442;&#x443;&#x434;&#x435;&#x43D;&#x442;&#x43E;&#x432;, &#x43E;&#x431;&#x443;&#x447;&#x430;&#x44E;&#x449;&#x438;&#x445;&#x441;&#x44F; &#x43F;&#x43E; &#x441;&#x43F;&#x435;&#x446;&#x438;&#x430;&#x43B;&#x44C;&#x43D;&#x43E;&#x441;&#x442;&#x438; 271501 "&#x421;&#x442;&#x440;&#x43E;&#x438;&#x442;&#x435;&#x43B;&#x44C;&#x441;&#x442;&#x432;&#x43E; &#x436;&#x435;&#x43B;&#x435;&#x437;&#x43D;&#x44B;&#x445; &#x434;&#x43E;&#x440;&#x43E;&#x433;, &#x43C;&#x43E;&#x441;&#x442;&#x43E;&#x432; &#x438; &#x442;&#x440;&#x430;&#x43D;&#x441;&#x43F;&#x43E;&#x440;&#x442;&#x43D;&#x44B;&#x445; &#x442;&#x43E;&#x43D;&#x43D;&#x435;&#x43B;&#x435;&#x439;" &#x412;&#x41F;&#x41E;</subfield>
    <subfield code="f">[&#x43A;.&#x442;.&#x43D;., &#x43F;&#x440;&#x43E;&#x444;. &#x410;. &#x41C;. &#x41D;&#x438;&#x43A;&#x43E;&#x43D;&#x43E;&#x432;, &#x43A;.&#x442;.&#x43D;., &#x43F;&#x440;&#x43E;&#x444;. &#x410;.&#x418;. &#x413;&#x430;&#x441;&#x430;&#x43D;&#x43E;&#x432;, &#x434;.&#x442;.&#x43D;., &#x43F;&#x440;&#x43E;&#x444;. &#x411;.&#x42D;. &#x413;&#x43B;&#x44E;&#x437;&#x431;&#x435;&#x440;&#x433; &#x438; &#x434;&#x440;.]</subfield>
    <subfield code="g">&#x43F;&#x43E;&#x434; &#x440;&#x435;&#x434;. &#x415;. &#x421;. &#x410;&#x448;&#x43F;&#x438;&#x437;&#x430;</subfield>
  </datafield>
  <datafield tag="210" ind1=" " ind2=" ">
    <subfield code="a">&#x41C;&#x43E;&#x441;&#x43A;&#x432;&#x430;</subfield>
    <subfield code="c">&#x424;&#x413;&#x411;&#x41E;&#x423; "&#x423;&#x447;&#x435;&#x431;&#x43D;&#x43E;-&#x43C;&#x435;&#x442;&#x43E;&#x434;&#x438;&#x447;&#x435;&#x441;&#x43A;&#x438;&#x439; &#x446;&#x435;&#x43D;&#x442;&#x440; &#x43F;&#x43E; &#x43E;&#x431;&#x440;&#x430;&#x437;&#x43E;&#x432;&#x430;&#x43D;&#x438;&#x44E; &#x43D;&#x430; &#x436;.-&#x434;. &#x442;&#x440;&#x430;&#x43D;&#x441;&#x43F;."</subfield>
    <subfield code="d">2014</subfield>
  </datafield>
  <datafield tag="215" ind1=" " ind2=" ">
    <subfield code="a">543, [1] &#x441;.</subfield>
    <subfield code="c">&#x438;&#x43B;., &#x442;&#x430;&#x431;&#x43B;.</subfield>
    <subfield code="d">20</subfield>
  </datafield>
  <datafield tag="225" ind1="1" ind2=" ">
    <subfield code="a">&#x412;&#x44B;&#x441;&#x448;&#x435;&#x435; &#x43F;&#x440;&#x43E;&#x444;&#x435;&#x441;&#x441;&#x438;&#x43E;&#x43D;&#x430;&#x43B;&#x44C;&#x43D;&#x43E;&#x435; &#x43E;&#x431;&#x440;&#x430;&#x437;&#x43E;&#x432;&#x430;&#x43D;&#x438;&#x435;</subfield>
    <subfield code="i">&#x410;&#x440;&#x445;&#x438;&#x442;&#x435;&#x43A;&#x442;&#x443;&#x440;&#x430; &#x438; &#x441;&#x442;&#x440;&#x43E;&#x438;&#x442;&#x435;&#x43B;&#x44C;&#x441;&#x442;&#x432;&#x43E;</subfield>
  </datafield>
  <datafield tag="225" ind1="1" ind2=" ">
    <subfield code="a">&#x424;&#x435;&#x434;&#x435;&#x440;&#x430;&#x43B;&#x44C;&#x43D;&#x44B;&#x439; &#x433;&#x43E;&#x441;&#x443;&#x434;&#x430;&#x440;&#x441;&#x442;&#x432;&#x435;&#x43D;&#x43D;&#x44B;&#x439; &#x43E;&#x431;&#x440;&#x430;&#x437;&#x43E;&#x432;&#x430;&#x442;&#x435;&#x43B;&#x44C;&#x43D;&#x44B;&#x439; &#x441;&#x442;&#x430;&#x43D;&#x434;&#x430;&#x440;&#x442;</subfield>
  </datafield>
  <datafield tag="225" ind1="1" ind2=" ">
    <subfield code="a">&#x423;&#x447;&#x435;&#x431;&#x43D;&#x438;&#x43A; &#x434;&#x43B;&#x44F; &#x441;&#x43F;&#x435;&#x446;&#x438;&#x430;&#x43B;&#x438;&#x441;&#x442;&#x43E;&#x432;</subfield>
  </datafield>
  <datafield tag="300" ind1=" " ind2=" ">
    <subfield code="a">&#x410;&#x432;&#x442;. &#x443;&#x43A;&#x430;&#x437;&#x430;&#x43D;&#x44B; &#x43D;&#x430; &#x43E;&#x431;&#x43E;&#x440;&#x43E;&#x442;&#x435; &#x442;&#x438;&#x442;. &#x43B;.</subfield>
  </datafield>
  <datafield tag="320" ind1=" " ind2=" ">
    <subfield code="a">&#x411;&#x438;&#x431;&#x43B;&#x438;&#x43E;&#x433;&#x440;.: &#x441;. 538-539 (21 &#x43D;&#x430;&#x437;&#x432;.)</subfield>
  </datafield>
  <datafield tag="606" ind1=" " ind2=" ">
    <subfield code="a">&#x416;&#x435;&#x43B;&#x435;&#x437;&#x43D;&#x43E;&#x434;&#x43E;&#x440;&#x43E;&#x436;&#x43D;&#x44B;&#x439; &#x43F;&#x443;&#x442;&#x44C;</subfield>
    <subfield code="j">&#x423;&#x447;&#x435;&#x431;&#x43D;&#x438;&#x43A;&#x438; &#x434;&#x43B;&#x44F; &#x432;&#x44B;&#x441;&#x448;&#x438;&#x445; &#x443;&#x447;&#x435;&#x431;&#x43D;&#x44B;&#x445; &#x437;&#x430;&#x432;&#x435;&#x434;&#x435;&#x43D;&#x438;&#x439;</subfield>
    <subfield code="9">1046256</subfield>
    <subfield code="3">RU\NLR\AUTH\66403736</subfield>
  </datafield>
  <datafield tag="686" ind1="1" ind2=" ">
    <subfield code="a">&#x41E;211&#x44F;73-1</subfield>
  </datafield>
  <datafield tag="701" ind1=" " ind2="1">
    <subfield code="a">&#x41D;&#x438;&#x43A;&#x43E;&#x43D;&#x43E;&#x432;</subfield>
    <subfield code="b">&#x410;. &#x41C;.</subfield>
    <subfield code="g">&#x410;&#x43B;&#x435;&#x43A;&#x441;&#x430;&#x43D;&#x434;&#x440; &#x41C;&#x430;&#x43A;&#x441;&#x438;&#x43C;&#x43E;&#x432;&#x438;&#x447;</subfield>
  </datafield>
  <datafield tag="701" ind1=" " ind2="1">
    <subfield code="7">ca</subfield>
    <subfield code="8">rus</subfield>
    <subfield code="a">&#x413;&#x430;&#x441;&#x430;&#x43D;&#x43E;&#x432;</subfield>
    <subfield code="b">&#x410;. &#x418;.</subfield>
    <subfield code="f">1937-2018</subfield>
    <subfield code="g">&#x410;&#x43B;&#x435;&#x43A;&#x441;&#x430;&#x43D;&#x434;&#x440; &#x418;&#x441;&#x43A;&#x430;&#x43D;&#x434;&#x435;&#x440;&#x43E;&#x432;&#x438;&#x447;</subfield>
    <subfield code="9">249301</subfield>
    <subfield code="3">RU\NLR\AUTH\770249357</subfield>
  </datafield>
  <datafield tag="701" ind1=" " ind2="1">
    <subfield code="a">&#x413;&#x43B;&#x44E;&#x437;&#x431;&#x435;&#x440;&#x433;</subfield>
    <subfield code="b">&#x411;. &#x42D;.</subfield>
    <subfield code="g">&#x411;&#x43E;&#x440;&#x438;&#x441; &#x42D;&#x439;&#x43D;&#x438;&#x445;&#x43E;&#x432;&#x438;&#x447;</subfield>
  </datafield>
  <datafield tag="702" ind1=" " ind2="1">
    <subfield code="a">&#x410;&#x448;&#x43F;&#x438;&#x437;</subfield>
    <subfield code="b">&#x415;. &#x421;.</subfield>
    <subfield code="g">&#x415;&#x432;&#x433;&#x435;&#x43D;&#x438;&#x439; &#x421;&#x430;&#x43C;&#x443;&#x438;&#x43B;&#x43E;&#x432;&#x438;&#x447;</subfield>
    <subfield code="4">340</subfield>
  </datafield>
  <datafield tag="801" ind1=" " ind2="0">
    <subfield code="a">RU</subfield>
    <subfield code="b">&#x420;&#x413;&#x411;</subfield>
    <subfield code="c">20150313</subfield>
    <subfield code="g">RCR</subfield>
  </datafield>
  <datafield tag="942" ind1=" " ind2=" ">
    <subfield code="c">BOOK</subfield>
  </datafield>
  <datafield tag="980" ind1=" " ind2=" ">
    <subfield code="a">NBR</subfield>
  </datafield>
</record>
